|
|
|
|
| LEADER |
00000nam0a2200000 4500 |
| 001 |
161216 |
| 005 |
20231031155834.0 |
| 010 |
|
|
|a 5230181923
|
| 020 |
|
|
|a RU
|b 92-7566
|
| 035 |
|
|
|a (RuTPU)RU\TPU\book\174829
|
| 090 |
|
|
|a 161216
|
| 100 |
|
|
|a 20090605d1991 m y0rusy5003 ca
|
| 101 |
0 |
|
|a rus
|
| 102 |
|
|
|a RU
|
| 105 |
|
|
|a y z 000zy
|
| 200 |
1 |
|
|a Трудовые споры в СССР
|e учебное пособие
|f М. В. Лушникова
|
| 210 |
|
|
|a Ярославль
|c ЯрГУ
|d 1991
|
| 215 |
|
|
|a 84 с.
|
| 225 |
1 |
|
|a Право
|
| 333 |
|
|
|a Исключено из фонда НТБ ТПУ
|
| 700 |
|
1 |
|a Лушникова
|b М. В.
|g Марина Владимировна
|4 070
|
| 801 |
|
0 |
|a RU
|b RuMRKP
|c 19950417
|g psbo
|
| 801 |
|
1 |
|a RU
|b 63413507
|c 20090605
|g PSBO
|
| 801 |
|
2 |
|a RU
|b 63413507
|c 20170124
|g PSBO
|
| 942 |
|
|
|c BK
|